Statystyki dla Państwa ze spójnikiem "i"

Kliknij tutaj aby rozwiązać quiz!

Ogólne statystyki

  • Ten quiz został rozwiązany 240 razy
  • Średni wynik to 4 z 6

Statystyki odpowiedzi

Odpowiedź% Poprawnych
Bośnia i Hercegowina
78%
Trynidad i Tobago
71%
Antigua i Barbuda
70%
Wyspy Świętego Tomasza i Książęca
62%
Saint Vincent i Grenadyny
59%
Saint Kitts i Nevis
56%

Rozkład punktacji

Percentyl według liczby udzielonych odpowiedzi

Procent ludzi z każdym wynikiem

Twoja historia wyników

Nie rozwiązałeś tego quizu